| 000 | 01374cam a2200349 a 4500 | ||
|---|---|---|---|
| 005 | 20260322212038.0 | ||
| 008 | data | ||
| 010 | _a 2006026981 | ||
| 020 | _a9780618683352 | ||
| 020 | _a0618683356 | ||
| 040 |
_aDLC _cDLC _dDLC |
||
| 043 | _an-us-ca | ||
| 050 | 0 | 0 |
_aHV5831.C2 _bS54 2006 |
| 082 | 0 | 0 |
_aB _aB _222 |
| 092 | _a362.29 S54 2006 | ||
| 100 | 1 | _aSheff, David. | |
| 245 | 1 | 0 |
_aBeautiful boy : _ba father's journey through his son's meth addiction / _cDavid Sheff. |
| 260 |
_aBoston : _bHoughton Mifflin, _c2006. |
||
| 300 |
_a326 p. ; _c22 cm. |
||
| 504 | _aIncludes bibliographical references (p. 321-324). | ||
| 505 | 1 | _aStay up late -- His drug of choice -- Whatever -- If only -- Never any knowing -- Epilogue. | |
| 600 | 1 | 0 | _aSheff, David. |
| 600 | 1 | 0 | _aSheff, Nic. |
| 650 | 0 |
_aDrug abuse _xTreatment _zCalifornia. |
|
| 650 | 0 |
_aMethamphetamine abuse _xTreatment _zCalifornia. |
|
| 650 | 0 |
_aChildren of divorced parents _zCalifornia. |
|
| 856 | 4 | 1 |
_3Table of contents only _uhttp://www.loc.gov/catdir/toc/ecip0619/2006026981.html |
| 856 | 4 | 2 |
_3Publisher description _uhttp://www.loc.gov/catdir/enhancements/fy0702/2006026981-d.html |
| 856 | 4 | 1 |
_3Sample text _uhttp://www.loc.gov/catdir/enhancements/fy0728/2006026981-s.html |
| 856 | 4 | 2 |
_3Contributor biographical information _uhttp://www.loc.gov/catdir/enhancements/fy0736/2006026981-b.html |
| 001 | data | ||
| 999 |
_c907 _d907 |
||